MARC

LEADER 00000nas a2200000 a 4500
001 ssj0000090
003 WaSeSS
005 20200512172242.0
006 m d
007 cr n
008 980309c19029999iluer pss 0 a0eng c
010 |a  2004221957 
022 |a 2163-3312  |y 0009-5281 
035 |a (WaSeSS)ssj0000090 
040 |a FGA  |b eng  |c FGA  |d OCL  |d OCLCQ  |d ATL  |d OCL  |d ATL  |d DLC  |d OCLCQ  |d OCLCO  |d OCLCQ  |d OCLCA  |d OCLCF  |d OCLCO  |d VT2  |d OCLCQ  |d AUD  |d UUM  |d WaSeSS 
042 |a pcc  |a nsdp 
050 4 |a BR1  |b .C45 
130 0 |a Christian century (Chicago, Ill. : 1902 : Online) 
222 4 |a The Christian century  |b (1902 Online) 
245 1 4 |a The Christian century  |h [electronic resource]. 
260 |a Chicago :  |b Christian Century Foundation 
310 |a Biweekly,  |b 2002- 
321 |a Weekly,  |b <1968>-1971 
321 |a Frequency varies,  |b 1972-2001 
362 1 |a Print began with vol. 19, no. 1 (Jan. 2, 1902). 
506 |a License restrictions may limit access. 
538 |a Mode of access: World Wide Web. 
588 |a Description based on: Vol. 63, no. 2 (Jan. 9, 1946); title from cover (ATLASerials, viewed Jan. 13, 2009). 
588 |a Latest issue consulted: Vol. 128, no. 19 (Sept. 20, 2011) (Christian Century's website, viewed on Sept. 1, 2011). 
610 2 0 |a Disciples of Christ  |v Periodicals. 
610 2 7 |a Disciples of Christ.  |2 fast  |0 (OCoLC)fst00549610 
610 2 6 |a Disciples du Christ  |v Périodiques. 
650 0 |a Theology  |v Periodicals. 
650 7 |a Theology.  |2 fast  |0 (OCoLC)fst01149559 
655 0 |a Electronic journals. 
710 2 |a Christian Century Foundation. 
776 1 |t Christian century (Chicago, Ill. : 1902)  |x 0009-5281  |w (DLC) 04019837  |w (OCoLC)6083626 
780 0 0 |t Christian century of the Disciples of Christ 
780 0 5 |t New Christian  |g June 3, 1970 
856 4 0 |z Full text available from Research Library: 01/06/1988 to present  |u https://search.proquest.com/publication/40926